000 00195 a2200097 4500
001 14919
100 _aAnderson J.D
245 _a
260 _aLondon
_bD Van nostrand
_c
090 _c11686
_d11686
942 _aNUST-CAE
_cM
_c1876
999 _c249992
_d249992